00170nam a22000857a 4500082001300000100002100013245003000034260001200064300000800076 a297 YOU  aYoussef El-Digwy aIslam the ideal religion  aLahore  a179